The Last Time (TV) - Taylor Swift (All Lyrics) - Statistics

General Stats
  • This quiz has been taken 194 times
  • The average score is 392 of 419
Answer Stats
Lyrics % Correct
I
100%
last
100%
Last
100%
my
100%
the
100%
This
100%
this
100%
(This
100%
this)
100%
time
100%
time,
100%
you
100%
You
100%
(You
100%
you,
100%
at
99%
is
99%
your
99%
I'm
98%
an
97%
In
97%
in
97%
of
97%
all
95%
All
95%
askin'
95%
to
95%
And
94%
and
94%
Just
94%
just
94%
door
93%
eye,
93%
eye
93%
like
93%
name
93%
before
92%
top
92%
blink
91%
break
91%
list
91%
list)
91%
me
91%
those
91%
times
91%
go
90%
heart
90%
heart)
90%
it
89%
Put
89%
(Put
89%
why
89%
why)
89%
find
88%
wear
87%
got
86%
myself
86%
No
86%
no
86%
there
86%
was
86%
let
84%
Oh,
84%
oh,
84%
oh
84%
eyes
83%
for
83%
say,
83%
I've
82%
tell
82%
best
80%
everything
80%
Everything
80%
"It's
80%
leave
80%
right
80%
wrong
80%
better
79%
yourself
79%
alone
78%
been
78%
But
78%
here
78%
along"
77%
apology
77%
back
77%
anymore
76%
come
76%
not
76%
watch
76%
again
75%
how
75%
when
75%
won't
75%
they
73%
sure
72%
feels
71%
room,
71%
home
70%
reasons
70%
hurt
68%
into
68%
mine
68%
lead
67%
open
67%
roads,
66%
are
65%
imagine
65%
breakin'
64%
Disappear
64%
hide
53%
past,
51%
nowhere
46%
achin'
40%
No matching quizzes found
Score Distribution
Percent of People with Each Score
Percentile by Number Answered
Your Score History
You have not taken this quiz